{"text_format":"2","workbook":"xlsx","n_sheets":5,"sheets":["Anexo IV - Planilha Custos","Posto Diurno","Posto Noturno","Insumos","Plan1"],"not_rendered":{"charts":0,"images":1,"macros":0,"external_links":0,"defined_names":4,"comments":0,"pivot_tables":0},"unopened":[],"bounds":{"document_bytes":16777216,"sheet_cells":100000,"run_cost":"one","rows_first":2000,"rows_last":500,"rows_between":2000,"halvings":0,"cell_chars":16384,"cell_head_chars":4096},"cells_cut":0,"cells_raw":0,"read":"whole","date_system":"1900"}

{"sheet":"Anexo IV - Planilha Custos","index":0,"n_rows":18,"n_cols":5,"rows_kept":18,"cut":false,"hidden":false,"merged":[[0,1,2,4],[16,0,16,3],[17,0,17,3],[3,0,3,4],[4,0,4,4],[5,0,5,4],[6,0,6,4],[7,0,7,4],[8,0,8,4],[9,0,9,4],[10,0,10,4],[12,0,13,0],[12,1,13,1],[12,2,13,2],[12,3,13,3],[12,4,13,4]]}
[null,"Ministério da Integração e do Desenvolvimento Regional - M I D R\nCompanhia de Desenvolvimento dos Vales do São Francisco e do Parnaíba\n12ª Superintendência Regional "]
[]
[]
[]
[]
["Anexo IV: Planilha de Custos"]
[]
[]
["Município/UF: Nata/RN"]
["Ano Acordo, Convenção Coletiva ou Sentença Normativa em Dissídio Coletivo: 2023/2024"]
["Nº de meses de execução contratual: 12 meses"]
[]
["Tipo de Posto","Quantidade de Postos","Valor Unitário Mensal (R$)","Preço Máximo Mensal (R$)","Preço Máximo Anual (R$)"]
[]
["Vigilância 12x36 (Diurno)",null,{"$f":"IFERROR('Posto Diurno'!F136,\"\")","v":0},{"$f":"IFERROR(B15*C15,\"\")","v":0},{"$f":"IFERROR(D15*12,\"\")","v":0}]
["Vigilância 12x36 (Noturno)",null,{"$f":"IFERROR('Posto Noturno'!F136,\"\")","v":0},{"$f":"IFERROR(B16*C16,\"\")","v":0},{"$f":"IFERROR(D16*12,\"\")","v":0}]
["Valor Máximo Mensal do Contrato (1 Posto Diurno e 1 Posto Noturno)",null,null,null,{"$f":"IFERROR(D15+D16,\"\")","v":0}]
["Valor Máximo Anual do Contrato (12 meses) ",null,null,null,{"$f":"IFERROR(E17*12,\"\")","v":0}]

{"sheet":"Posto Diurno","index":1,"n_rows":146,"n_cols":8,"rows_kept":146,"cut":false,"hidden":false,"merged":[[13,1,13,3],[0,1,2,4],[3,0,3,4],[4,1,4,6],[6,6,7,6],[6,1,7,1],[6,2,7,2],[6,3,7,3],[6,4,7,4],[6,5,7,5],[75,1,75,2],[20,2,20,3],[28,1,28,3],[31,2,31,3],[40,1,40,3],[72,2,72,3],[43,2,43,3],[48,1,48,3],[61,1,61,2],[64,2,64,3],[69,1,69,2],[129,2,129,3],[128,1,128,3],[78,2,78,3],[85,1,85,2],[88,2,88,3],[95,1,95,2],[97,1,97,2],[100,2,100,3],[107,1,107,3],[112,2,112,4],[113,2,113,4],[120,1,120,3],[142,2,142,4],[143,2,143,4],[144,2,144,4],[145,2,145,4],[10,1,10,6],[130,1,130,3],[133,1,133,2],[134,1,134,2],[138,1,138,6],[141,1,141,5],[123,1,123,3],[124,2,124,3],[125,2,125,3],[126,2,126,3],[127,2,127,3],[67,1,67,2]]}
[]
[]
[]
[]
[null,"POSTO DIURNO"]
[]
[null,"Item","Posto","Custo Estimado por posto","Quantidade de postos","Valor mensal","Valor anual"]
[]
[null,1,"Vigilante (sem adicional noturno)",{"$f":"F136","v":0},null,{"$f":"F145","v":0},{"$f":"F146","v":0}]
[]
[null,"PLANILHA DE COMPOSIÇÃO DE CUSTOS E FORMAÇÃO DE PREÇOS"]
[]
[null,"Mão-de-obra vinculada à execução contratual"]
[null,"Dados complementares para composição dos custos referente à mão-de-obra"]
[null,1,"Tipo de serviço","Vigilância"]
[null,2,"Salário normativo da categoria profissional",0]
[null,3,"Categoria profissional","Vigilância"]
[null,4,"Data base da categoria"]
[]
[null,"Módulo 1: Composição da Remuneração"]
[null,1,"Composição da Remuneração",null,"Valor (R$)"]
[null,"A","Salário Base",null,0]
[null,"B","Adicional de periculosidade",0.3,{"$f":"D23*E22","v":0}]
[null,"C","Adicional de insalubridade",0,0]
[null,"D","Adicional noturno",0.2]
[null,"E","Hora noturna adicional",0,0]
[null,"F","Adicional de risco de vida",0,{"$f":"E22*D27","v":0}]
[null,"G","Intervalo intrajornada",null,{"$f":"SUM(E22:E23)/220*1.5*15","v":0}]
[null,"Total da Remuneração",null,null,{"$f":"E22+E23+E24+E25+E26+E27+E28","v":0}]
[]
[null,"Módulo 2: Benefícios Mensais e diários"]
[null,2,"Benefícios Mensais e Diários",null,"Valor (R$)"]
[null,"A","Transporte ",null,0]
[null,"C","Auxílio alimentação",null,0]
[null,"D","Plano de saúde ",0,0]
[null,"E","Auxílio creche",null,0]
[null,"F","Seguro de vida",null,0]
[null,"G","Auxílio invalidez",null,0]
[null,"H","Auxílio funeral"]
[null,"I","Outros (Exames Médicos)",null,0]
[null,"Total de benefícios mensais e diários",null,null,{"$f":"SUM(E33:E40)","v":0}]
[]
[null,"Módulo 3: Insumos Diversos"]
[null,3,"Insumos diversos",null,"Valor (R$)"]
[null,"A","Uniformes",null,0]
[null,"B","Materiais",null,0]
[null,"C","Equipamentos",null,0]
[null,"D","Outros  (Especificar)",null,0]
[null,"Total de Insumos Diversos",null,null,{"$f":"SUM(E45:E48)","v":0}]
[]
[null,"Módulo 4: Encargos Sociais e Trabalhistas"]
[null,"Submódulo 4.1 – Encargos previdenciários e FGTS"]
[null,"4.1","Encargos previdenciários e FGTS","%","Valor (R$)"]
[null,"A","INSS",0.2,{"$f":"E29*0.2","v":0}]
[null,"B","SESI OU SESC",1.4999999999999999E-2,{"$f":"E29*0.015","v":0}]
[null,"C","SENAI OU SENAC",0.01,{"$f":"E29*0.01","v":0}]
[null,"D","INCRA",2E-3,{"$f":"E29*0.002","v":0}]
[null,"E","Salário Educação",2.5000000000000001E-2,{"$f":"E29*0.025","v":0}]
[null,"F","FGTS",0.08,{"$f":"E29*0.08","v":0}]
[null,"G","Seguro Acidente de Trabalho",0.03,{"$f":"E29*0.03","v":0}]
[null,"H","SEBRAE",6.0000000000000001E-3,{"$f":"E29*0.006","v":0}]
[null,"Total",null,{"$f":"SUM(D54:D61)","v":0.3680000000000001},{"$f":"SUM(E54:E61)","v":0}]
[]
[null,"Submódulo 4.2 – 13º salário e Adicional de Férias"]
[null,"4.2","13º Salário e Adicional de Férias",null,"Valor (R$)"]
[null,"A","13º Salário ",{"$f":"5/56","v":8.9285714285714288E-2},{"$f":"D66*E29","v":0}]
[null,"B","Adicional de Férias",{"$f":"(1/3)*D66","v":2.976190476190476E-2},{"$f":"E29*D67","v":0}]
[null,"Subtotal",null,{"$f":"D66+D67","v":0.11904761904761904},{"$f":"SUM(E66:E67)","v":0}]
[null,"C","Incidência do Submódulo 4.1 sobre 13º salário e adicional de férias",{"$f":"D62","v":0.3680000000000001},{"$f":"D69*E68","v":0}]
[null,"Total",null,{"$f":"SUM(D68:D69)","v":0.48704761904761917},{"$f":"SUM(E68:E69)","v":0}]
[]
[null,"Submódulo 4.3 – Afastamento Maternidade"]
[null,"4.3","Afastamento Maternidade",null,"Valor (R$)"]
[null,"A","Afastamento Maternidade",1.37E-2,{"$f":"E29*D74","v":0}]
[null,"B","Incidência do submódulo 4.1 sobre afastamento maternidade",{"$f":"D62*D74","v":5.041600000000002E-3},{"$f":"E74*D75","v":0}]
[null,"Total",null,{"$f":"SUM(D74:D75)","v":1.8741600000000004E-2},{"$f":"SUM(E74:E75)","v":0}]
[]
[null,"Submódulo 4.4 – Provisão para Rescisão"]
[null,"4.4","Provisão para Rescisão",null,"Valor (R$)"]
[null,"A","Aviso prévio Indenizado",{"$f":" ((1/12)* 0.05)","v":4.1666666666666666E-3},{"$f":"E29*D80","v":0}]
[null,"B","Incidência do FGTS sobre aviso prévio indenizado (provisão para rescisão)",{"$f":"D59*D80","v":3.3333333333333332E-4},{"$f":"E29*D81","v":0}]
[null,"C","Multa do FGTS do aviso prévio indenizado (manual)",{"$f":"0.08*0.5*0.9*(1 + 5/56+5/56+1/3*5/56)","v":4.3499999999999997E-2},{"$f":"D82*E29","v":0}]
[null,"D","Aviso prévio trabalhado  (manual)",{"$f":" ((7/30)/12)*0.02","v":3.8888888888888892E-4},{"$f":"E29*D83","v":0}]
[null,"E","Incidência do submódulo 4.1 sobre aviso prévio trabalhado",{"$f":"D62","v":0.3680000000000001},{"$f":"E83*D62","v":0}]
[null,"F","Multa FGTS do aviso prévio trabalhado",{"$f":"(40%)*D59","v":3.2000000000000001E-2},{"$f":"D85*E83","v":0}]
[null,"Total",null,{"$f":"SUM(D80:D85)","v":0.44838888888888895},{"$f":"SUM(E80:E85)","v":0}]
[]
[null,"Submódulo 4.5 – Custo de Reposição do Profissional Ausente"]
[null,"4.5","Composição do custo de Reposição do Profissional Ausente",null,"Valor (R$)"]
[null,"A","Férias ",{"$f":"(5/56)","v":8.9285714285714288E-2},{"$f":"E29*D90","v":0}]
[null,"B","Ausência por doença ",{"$f":"(5.96/30)/12","v":1.6555555555555556E-2},{"$f":"E29*D91","v":0}]
[null,"C","Licença paternidade ",{"$f":"((5/30)/12)*0.015","v":2.0833333333333332E-4},{"$f":"E29*D92","v":0}]
[null,"D","Ausências legais",{"$f":"(2.96/30)*(1/12)","v":8.222222222222221E-3},{"$f":"E29*D93","v":0}]
[null,"E","Ausência por acidente de trabalho",{"$f":" ((15/30)/12)*0.0078","v":3.2499999999999999E-4},{"$f":"E29*D94","v":0}]
[null,"F","Outros",0,0]
[null,"Subtotal",null,{"$f":"SUM(D90:D95)","v":0.11459682539682541},{"$f":"SUM(E90:E95)","v":0}]
[null,"G","Incidência do submódulo 4.1 sobre o Custo de reposição",{"$f":"D62","v":0.3680000000000001},{"$f":"E96*D97","v":0}]
[null,"Total",null,{"$f":"SUM(D96:D97)","v":0.48259682539682552},{"$f":"SUM(E96:E97)","v":0}]
[]
[null,"Quadro – resumo – Módulo 4 – Encargos sociais e trabalhistas"]
[null,4,"Encargos Sociais e Trabalhistas",null,"Valor (R$)"]
[null,"4.1","13º salário+Adicional de Férias",null,{"$f":"E70","v":0}]
[null,"4.2","Encargos Previdenciários e FGTS",null,{"$f":"E62","v":0}]
[null,"4.3","Afastamento Maternidade",null,{"$f":"E76","v":0}]
[null,"4.4","Custo de Rescisão",null,{"$f":"E86","v":0}]
[null,"4.5","Custo de Reposição do Profissional Ausente",null,{"$f":"E98","v":0}]
[null,"4.6","Outros",null,0]
[null,"Total",null,null,{"$f":"SUM(E102:E107)","v":0}]
[]
[null,"Módulo 5: Custos indiretos, tributos e lucro"]
[null,5,"Custos Indiretos, Tributos e Lucro","%","Valor (R$)"]
[null,"A","Custos Indiretos (Portaria nº 7 da IN nº2/2008)",0.05,{"$f":"E129*D112","v":0}]
[null,"B","Tributos"]
[null,"B.1","Tributos Federais"]
[null,"B.1.1","PIS (depende do regime de tributação)",6.4999999999999997E-3,{"$f":"(E129+E112+E120)*D115","v":0}]
[null,"B.1.1","COFINS (depende do regime de tributação)",0.03,{"$f":"(E129+E112+E120)*D116","v":0}]
[null,"B.2","Tributos Estaduais  (ISS)",0.05,{"$f":"(E129+E112+E120)*D117","v":0}]
[null,"B.3","Tributos Municipais",null,0]
[null,"B.4","Outros Tributos",null,0]
[null,"C","Lucro",0.05,{"$f":"(E29+E41+E49+E108)*D120","v":0}]
[null,"Total",null,null,{"$f":"SUM(E112:E120)","v":0}]
[]
[null,"Anexo III – B – Quadro resumo do custo por empregado"]
[null,"Mão-de-obra vinculada à execução contratual (valor por empregado)",null,null,"Valor (R$)"]
[null,"A","Módulo 1- Composição da Remuneração",null,{"$f":"E29","v":0}]
[null,"B","Módulo 2- Benefícios Mensais e Diários",null,{"$f":"E41","v":0}]
[null,"C","Módulo 3- Insumos Diversos (uniformes, materiais, equipamentos e outros)",null,{"$f":"E49","v":0}]
[null,"D","Módulo 4- Encargos Sociais e Trabalhistas",null,{"$f":"E108","v":0}]
[null,"Subtotal (A+B+C+D)",null,null,{"$f":"SUM(E125:E128)","v":0}]
[null,"E","Módulo 5 – Custos indiretos, tributos e lucro",null,{"$f":"E121","v":0}]
[null,"Valor total por empregado",null,null,{"$f":"SUM(E129:E130)","v":0}]
[]
[null,"Anexo III –C – Quadro-resumo – Valor Mensal dos Serviços"]
[null,"Tipo de serviço",null,"Valor proposto por empregado","Qtde de empregados por posto","Valor proposto\npor posto","Qtde de postos","Valor total dos serviços"]
[null,"(A)",null," (B)","(C)","(D)=(BXC)","(E)","(F)=(DxE)"]
[null,"I","Serviço 1 (sem adicional noturno)",{"$f":"E131","v":0},2,{"$f":"ROUND(D136*E136,2)","v":0},1,{"$f":"ROUND(F136*G136,2)","v":0}]
[null,"II","Serviço 2 (indicar)",0,null,0,null,0]
[]
[null,"Valor mensal dos serviços (I+II)",{"$nulls":5},{"$f":"ROUND(SUM(H136:H138),2)","v":0}]
[]
[null,"Anexo III –D – Quadro-demonstrativo – Valor Global da proposta"]
[null,"Valor global da proposta"]
[null,null,"Descrição",null,null,"Valor (R$)"]
[null,"A","Valor proposto por unidade de medida",null,null,{"$f":"F136","v":0}]
[null,"B","Valor mensal do serviço",null,null,{"$f":"H139","v":0}]
[null,"C","Valor global da proposta (valor mensal do serviço x nº meses do contrato)",null,null,{"$f":"ROUND(F145*12,2)","v":0}]

{"sheet":"Posto Noturno","index":2,"n_rows":146,"n_cols":8,"rows_kept":146,"cut":false,"hidden":false,"merged":[[0,1,2,4],[3,0,3,4],[4,1,4,6],[5,1,5,6],[44,5,44,7],[46,5,46,7],[6,6,7,6],[13,1,13,3],[20,2,20,3],[21,5,21,7],[6,1,7,1],[6,2,7,2],[6,3,7,3],[6,4,7,4],[6,5,7,5],[72,2,72,3],[28,1,28,3],[31,2,31,3],[40,1,40,3],[43,2,43,3],[48,1,48,3],[61,1,61,2],[64,2,64,3],[67,1,67,2],[69,1,69,2],[123,1,123,3],[75,1,75,2],[78,2,78,3],[85,1,85,2],[88,2,88,3],[95,1,95,2],[97,1,97,2],[100,2,100,3],[107,1,107,3],[112,2,112,4],[113,2,113,4],[120,1,120,3],[143,2,143,4],[144,2,144,4],[145,2,145,4],[10,1,10,6],[130,1,130,3],[133,1,133,2],[134,1,134,2],[138,1,138,6],[141,1,141,5],[142,2,142,4],[124,2,124,3],[125,2,125,3],[126,2,126,3],[127,2,127,3],[128,1,128,3],[129,2,129,3]]}
[]
[]
[]
[]
[null,"POSTO NOTURNO"]
[]
[null,"Item","Posto","Custo Estimado por posto","Quantidade de postos","Valor mensal","Valor anual"]
[]
[null,1,"Vigilante (com adicional noturno)",{"$f":"F136","v":0},null,{"$f":"F145","v":0},{"$f":"F146","v":0}]
[]
[null,"PLANILHA DE COMPOSIÇÃO DE CUSTOS E FORMAÇÃO DE PREÇOS"]
[]
[null,"Mão-de-obra vinculada à execução contratual"]
[null,"Dados complementares para composição dos custos referente à mão-de-obra"]
[null,1,"Tipo de serviço","Vigilância"]
[null,2,"Salário normativo da categoria profissional",0]
[null,3,"Categoria profissional","Vigilância"]
[null,4,"Data base da categoria"]
[]
[null,"Módulo 1: Composição da Remuneração"]
[null,1,"Composição da Remuneração",null,"Valor (R$)"]
[null,"A","Salário Base",null,0]
[null,"B","Adicional de periculosidade",0.3,{"$f":"D23*E22","v":0}]
[null,"C","Adicional de insalubridade",0,0]
[null,"D","Adicional noturno",0,{"$f":"(E22+E23)/220*0.2*15*7","v":0}]
[null,"E","Hora Noturna Reduzida - Súmula 444",0,{"$f":"(E22+E23+E25)/220*1.5*15","v":0}]
[null,"F","Adicional de risco de vida",0,{"$f":"E22*D27","v":0}]
[null,"G","Intervalo intrajornada",null,{"$f":"SUM(E22+E23+E25)/220*1.5*15","v":0}]
[null,"Total da Remuneração",null,null,{"$f":"E22+E23+E24+E25+E26+E27+E28","v":0}]
[]
[null,"Módulo 2: Benefícios Mensais e diários"]
[null,2,"Benefícios Mensais e Diários",null,"Valor (R$)"]
[null,"A","Transporte",null,0]
[null,"C","Auxílio alimentação",null,0]
[null,"D","Plano de saúde ",0,{"$f":"D35*E22","v":0}]
[null,"E","Auxílio creche",null,0]
[null,"F","Seguro de vida",null,0]
[null,"G","Auxílio invalidez",null,0]
[null,"H","Beneficio social",null,0]
[null,"I","Outros (Assiduidade)",null,0]
[null,"Total de benefícios mensais e diários",null,null,{"$f":"SUM(E33:E40)","v":0}]
[]
[null,"Módulo 3: Insumos Diversos"]
[null,3,"Insumos diversos",null,"Valor (R$)"]
[null,"A","Uniformes (Cotação no Mercado)"]
[null,"B","Materiais (Cotação no Mercado)",null,0]
[null,"C","Equipamentos (Cotação no Mercado)"]
[null,"D","Outros ",null,0]
[null,"Total de Insumos Diversos",null,null,{"$f":"SUM(E45:E48)","v":0}]
[]
[null,"Módulo 4: Encargos Sociais e Trabalhistas"]
[null,"Submódulo 4.1 – Encargos previdenciários e FGTS"]
[null,"4.1","Encargos previdenciários e FGTS","%","Valor (R$)"]
[null,"A","INSS",0.2,{"$f":"E29*0.2","v":0}]
[null,"B","SESI OU SESC",1.4999999999999999E-2,{"$f":"E29*0.015","v":0}]
[null,"C","SENAI OU SENAC",0.01,{"$f":"E29*0.01","v":0}]
[null,"D","INCRA",2E-3,{"$f":"E29*0.002","v":0}]
[null,"E","Salário Educação",2.5000000000000001E-2,{"$f":"E29*0.025","v":0}]
[null,"F","FGTS",0.08,{"$f":"E29*0.08","v":0}]
[null,"G","Seguro Acidente de Trabalho",0.03,{"$f":"E29*0.03","v":0}]
[null,"H","SEBRAE",6.0000000000000001E-3,{"$f":"E29*0.006","v":0}]
[null,"Total",null,{"$f":"SUM(D54:D61)","v":0.3680000000000001},{"$f":"SUM(E54:E61)","v":0}]
[]
[null,"Submódulo 4.2 – 13º salário e Adicional de Férias"]
[null,"4.2","13º Salário e Adicional de Férias",null,"Valor (R$)"]
[null,"A","13º Salário ",{"$f":"5/56","v":8.9285714285714288E-2},{"$f":"D66*E29","v":0}]
[null,"B","Adicional de Férias",{"$f":"(1/3)*D66","v":2.976190476190476E-2},{"$f":"E29*D67","v":0}]
[null,"Subtotal",null,{"$f":"D66+D67","v":0.11904761904761904},{"$f":"SUM(E66:E67)","v":0}]
[null,"C","Incidência do Submódulo 4.1 sobre 13º salário e adicional de férias",{"$f":"D62","v":0.3680000000000001},{"$f":"D69*E68","v":0}]
[null,"Total",null,{"$f":"SUM(D68:D69)","v":0.48704761904761917},{"$f":"SUM(E68:E69)","v":0}]
[]
[null,"Submódulo 4.3 – Afastamento Maternidade"]
[null,"4.3","Afastamento Maternidade",null,"Valor (R$)"]
[null,"A","Afastamento Maternidade",1.37E-2,{"$f":"E29*D74","v":0}]
[null,"B","Incidência do submódulo 4.1 sobre afastamento maternidade",{"$f":"D62*D74","v":5.041600000000002E-3},{"$f":"E74*D75","v":0}]
[null,"Total",null,{"$f":"SUM(D74:D75)","v":1.8741600000000004E-2},{"$f":"SUM(E74:E75)","v":0}]
[]
[null,"Submódulo 4.4 – Provisão para Rescisão"]
[null,"4.4","Provisão para Rescisão",null,"Valor (R$)"]
[null,"A","Aviso prévio Indenizado",{"$f":" ((1/12)* 0.05)","v":4.1666666666666666E-3},{"$f":"E29*D80","v":0}]
[null,"B","Incidência do FGTS sobre aviso prévio indenizado (provisão para rescisão)",{"$f":"D59*D80","v":3.3333333333333332E-4},{"$f":"E29*D81","v":0}]
[null,"C","Multa do FGTS do aviso prévio indenizado (manual)",{"$f":"0.08*0.5*0.9*(1 + 5/56+5/56+1/3*5/56)","v":4.3499999999999997E-2},{"$f":"D82*E29","v":0}]
[null,"D","Aviso prévio trabalhado  (manual)",{"$f":" ((7/30)/12)*0.02","v":3.8888888888888892E-4},{"$f":"E29*D83","v":0}]
[null,"E","Incidência do submódulo 4.1 sobre aviso prévio trabalhado",{"$f":"D62","v":0.3680000000000001},{"$f":"E83*D62","v":0}]
[null,"F","Multa FGTS do aviso prévio trabalhado",{"$f":"(40%)*D59","v":3.2000000000000001E-2},{"$f":"D85*E83","v":0}]
[null,"Total",null,{"$f":"SUM(D80:D85)","v":0.44838888888888895},{"$f":"SUM(E80:E85)","v":0}]
[]
[null,"Submódulo 4.5 – Custo de Reposição do Profissional Ausente"]
[null,"4.5","Composição do custo de Reposição do Profissional Ausente",null,"Valor (R$)"]
[null,"A","Férias ",{"$f":"(5/56)","v":8.9285714285714288E-2},{"$f":"E29*D90","v":0}]
[null,"B","Ausência por doença ",{"$f":"(5.96/30)/12","v":1.6555555555555556E-2},{"$f":"E29*D91","v":0}]
[null,"C","Licença paternidade ",{"$f":"((5/30)/12)*0.015","v":2.0833333333333332E-4},{"$f":"E29*D92","v":0}]
[null,"D","Ausências legais",{"$f":"(2.96/30)*(1/12)","v":8.222222222222221E-3},{"$f":"E29*D93","v":0}]
[null,"E","Ausência por acidente de trabalho",{"$f":" ((15/30)/12)*0.0078","v":3.2499999999999999E-4},{"$f":"E29*D94","v":0}]
[null,"F","Outros",0,0]
[null,"Subtotal",null,{"$f":"SUM(D90:D95)","v":0.11459682539682541},{"$f":"SUM(E90:E95)","v":0}]
[null,"G","Incidência do submódulo 4.1 sobre o Custo de reposição",{"$f":"D62","v":0.3680000000000001},{"$f":"E96*D97","v":0}]
[null,"Total",null,{"$f":"SUM(D96:D97)","v":0.48259682539682552},{"$f":"SUM(E96:E97)","v":0}]
[]
[null,"Quadro – resumo – Módulo 4 – Encargos sociais e trabalhistas"]
[null,4,"Encargos Sociais e Trabalhistas",null,"Valor (R$)"]
[null,"4.1","13º salário+Adicional de Férias",null,{"$f":"E70","v":0}]
[null,"4.2","Encargos Previdenciários e FGTS",null,{"$f":"E62","v":0}]
[null,"4.3","Afastamento Maternidade",null,{"$f":"E76","v":0}]
[null,"4.4","Custo de Rescisão",null,{"$f":"E86","v":0}]
[null,"4.5","Custo de Reposição do Profissional Ausente",null,{"$f":"E98","v":0}]
[null,"4.6","Outros",null,0]
[null,"Total",null,null,{"$f":"SUM(E102:E107)","v":0}]
[]
[null,"Módulo 5: Custos indiretos, tributos e lucro"]
[null,5,"Custos Indiretos, Tributos e Lucro","%","Valor (R$)"]
[null,"A","Custos Indiretos (Portaria nº 7 da IN nº2/2008)",0.05,0]
[null,"B","Tributos"]
[null,"B.1","Tributos Federais"]
[null,"B.1.1","PIS (depende do regime de tributação)",6.4999999999999997E-3,0]
[null,"B.1.1","COFINS (depende do regime de tributação)",0.03,0]
[null,"B.2","Tributos Estaduais  (ISS)",0.05,0]
[null,"B.3","Tributos Municipais",null,0]
[null,"B.4","Outros Tributos",null,0]
[null,"C","Lucro",0.05,0]
[null,"Total",null,null,{"$f":"SUM(E112:E120)","v":0}]
[]
[null,"Anexo III – B – Quadro resumo do custo por empregado"]
[null,"Mão-de-obra vinculada à execução contratual (valor por empregado)",null,null,"Valor (R$)"]
[null,"A","Módulo 1- Composição da Remuneração",null,{"$f":"E29","v":0}]
[null,"B","Módulo 2- Benefícios Mensais e Diários",null,{"$f":"E41","v":0}]
[null,"C","Módulo 3- Insumos Diversos (uniformes, materiais, equipamentos e outros)",null,0]
[null,"D","Módulo 4- Encargos Sociais e Trabalhistas",null,{"$f":"E108","v":0}]
[null,"Subtotal (A+B+C+D)",null,null,{"$f":"SUM(E125:E128)","v":0}]
[null,"E","Módulo 5 – Custos indiretos, tributos e lucro",null,{"$f":"E121","v":0}]
[null,"Valor total por empregado",null,null,{"$f":"SUM(E129:E130)","v":0}]
[]
[null,"Anexo III –C – Quadro-resumo – Valor Mensal dos Serviços"]
[null,"Tipo de serviço",null,"Valor proposto por empregado","Qtde de empregados por posto","Valor proposto\npor posto","Qtde de postos","Valor total dos serviços"]
[null,"(A)",null," (B)","(C)","(D)=(BXC)","(E)","(F)=(DxE)"]
[null,"I","Serviço 1 (com adicional noturno)",{"$f":"E131","v":0},null,{"$f":"ROUND(D136*E136,2)","v":0},null,{"$f":"ROUND(F136*G136,2)","v":0}]
[null,"II","Serviço 2 (indicar)",0,null,0,null,0]
[]
[null,"Valor mensal dos serviços (I+II)",{"$nulls":5},{"$f":"ROUND(SUM(H136:H138),2)","v":0}]
[]
[null,"Anexo III –D – Quadro-demonstrativo – Valor Global da proposta"]
[null,"Valor global da proposta"]
[null,null,"Descrição",null,null,"Valor (R$)"]
[null,"A","Valor proposto por unidade de medida",null,null,{"$f":"F136","v":0}]
[null,"B","Valor mensal do serviço",null,null,{"$f":"H139","v":0}]
[null,"C","Valor global da proposta (valor mensal do serviço x nº meses do contrato)",null,null,{"$f":"ROUND(F145*12,2)","v":0}]

{"sheet":"Insumos","index":3,"n_rows":28,"n_cols":7,"rows_kept":28,"cut":false,"hidden":false,"merged":[[26,1,26,5],[27,1,27,5],[1,1,1,6],[11,1,11,5],[12,1,12,5],[18,1,18,5],[19,1,19,5]]}
[]
[null,"DISCRIMINAÇÃO DE UNIFORMES, EPIs e EQUIPAMENTOS"]
[]
[null,"Item","Uniforme ","Unid.","Quant.","Preço Unit.","Sub-Total"]
[null,1,"Calça social","und",2,0,{"$f":"E5*F5","v":0}]
[null,2,"Camisa social","und",2,0,0]
[null,3,"Cinto","und",1,0,0]
[null,4,"Meia social masculina","par",1,0,0]
[null,5,"Bota (cuturno)","par",1,0,0]
[null,6,"Quepe ou boné com emblema","und",1,0,0]
[null,7,"Crachá de identificação","und",1,0,0]
[null,"Total por ano",{"$nulls":4},{"$f":"SUM(G5:G11)","v":0}]
[null,"Custo mensal",{"$nulls":4},{"$f":"ROUND(G12/12,2)","v":0}]
[]
[null,"Item","Material","Unid.","Quant.","Preço Unit.","Sub-Total"]
[null,1,"Livro de ocorrência","und",1,0,{"$f":"E16*F16","v":0}]
[null,2,"Colete balístico","und",1,0,{"$f":"E17*F17","v":0}]
[null,3,"Lanterna recarregável","und",1,0,{"$f":"E18*F18","v":0}]
[null,"Total por ano",{"$nulls":4},{"$f":"SUM(G16:G18)","v":0}]
[null,"Custo mensal",{"$nulls":4},{"$f":"ROUND(G19/12,2)","v":0}]
[]
[null,"Item","Equipamento","Unid.","Quant.","Preço Unit.","Sub-Total"]
[null,1,"Revólver","und",1,0,{"$f":"E23*F23","v":0}]
[null,2,"Munição","conj",6,0,{"$f":"E24*F24","v":0}]
[null,3,"Coldre","und",1,0,{"$f":"E25*F25","v":0}]
[null,4,"Capa do colete balístico","und",1,0,{"$f":"E26*F26","v":0}]
[null,"Total por ano",{"$nulls":4},{"$f":"SUM(G23:G26)","v":0}]
[null,"Custo mensal",{"$nulls":4},{"$f":"ROUND(G27/12,2)","v":0}]

{"sheet":"Plan1","index":4,"n_rows":78,"n_cols":7,"rows_kept":78,"cut":false,"hidden":true,"merged":[[77,1,77,5],[63,1,63,5],[64,1,64,5],[69,1,69,5],[70,1,70,5],[76,1,76,5],[53,1,54,6],[24,1,24,5],[25,1,25,5],[37,1,37,5],[38,1,38,5],[43,1,43,5],[44,1,44,5],[50,1,50,5],[1,1,2,6],[51,1,51,5],[27,1,28,6],[11,1,11,5],[12,1,12,5],[17,1,17,5],[18,1,18,5]]}
[]
[null,"STONE"]
[]
[null,"Item","Uniforme ","Unid.","Quant.","Preço Unit.","Sub-Total"]
[null,1,"Calça social","und",2,64,{"$f":"E5*F5","v":128}]
[null,2,"Camisa social","und",2,50,100]
[null,3,"Cinto","und",1,12,12]
[null,4,"Meia social masculina","par",1,3,3]
[null,5,"Bota (cuturno)","par",1,75,75]
[null,6,"Quepe ou boné com emblema","und",1,12,12]
[null,7,"Crachá de identificação","und",1,6.5,6.5]
[null,"Total por ano",{"$nulls":4},{"$f":"SUM(G5:G11)","v":336.5}]
[null,"Custo mensal",{"$nulls":4},{"$f":"ROUND(G12/12,2)","v":28.04}]
[null,"Item","Material","Unid.","Quant.","Preço Unit.","Sub-Total"]
[null,1,"Livro de ocorrência","und",1,11.25,{"$f":"E15*F15","v":11.25}]
[null,2,"Colete balístico","und",1,450,{"$f":"E16*F16","v":450}]
[null,3,"Lanterna recarregável","und",1,28,{"$f":"E17*F17","v":28}]
[null,"Total por ano",{"$nulls":4},{"$f":"SUM(G15:G17)","v":489.25}]
[null,"Custo mensal",{"$nulls":4},{"$f":"ROUND(G18/12,2)","v":40.770000000000003}]
[null,"Item","Equipamento","Unid.","Quant.","Preço Unit.","Sub-Total"]
[null,1,"Revólver","und",1,1150,{"$f":"E21*F21","v":1150}]
[null,2,"Munição","conj",1,25,{"$f":"E22*F22","v":25}]
[null,3,"Coldre","und",1,25,{"$f":"E23*F23","v":25}]
[null,4,"Capa do colete balístico","und",1,99,{"$f":"E24*F24","v":99}]
[null,"Total por ano",{"$nulls":4},{"$f":"SUM(G21:G24)","v":1299}]
[null,"Custo mensal",{"$nulls":4},{"$f":"ROUND(G25/12,2)","v":108.25}]
[]
[null,"C&S VIGILÂNCIA E SEGURANÇA"]
[]
[null,"Item","Uniforme ","Unid.","Quant.","Preço Unit.","Sub-Total"]
[null,1,"Calça social","und",2,21.26,{"$f":"E31*F31","v":42.52}]
[null,2,"Camisa social","und",2,20.05,40.1]
[null,3,"Cinto","und",1,9.11,9.11]
[null,4,"Meia social masculina","par",1,6.38,6.38]
[null,5,"Bota (cuturno)","par",1,57.71,57.71]
[null,6,"Quepe ou boné com emblema","und",1,9.11,9.11]
[null,7,"Crachá de identificação","und",1,2.25,2.25]
[null,"Total por ano",{"$nulls":4},{"$f":"SUM(G31:G37)","v":167.18}]
[null,"Custo mensal",{"$nulls":4},{"$f":"ROUND(G38/12,2)","v":13.93}]
[null,"Item","Material","Unid.","Quant.","Preço Unit.","Sub-Total"]
[null,1,"Livro de ocorrência","und",1,9.11,{"$f":"E41*F41","v":9.11}]
[null,2,"Colete balístico","und",1,321.98,{"$f":"E42*F42","v":321.98}]
[null,3,"Lanterna recarregável","und",1,82.15,{"$f":"E43*F43","v":82.15}]
[null,"Total por ano",{"$nulls":4},{"$f":"SUM(G41:G43)","v":413.24}]
[null,"Custo mensal",{"$nulls":4},{"$f":"ROUND(G44/12,2)","v":34.44}]
[null,"Item","Equipamento","Unid.","Quant.","Preço Unit.","Sub-Total"]
[null,1,"Revólver","und",1,2250,{"$f":"E47*F47","v":2250}]
[null,2,"Munição","conj",1,7.2,{"$f":"E48*F48","v":7.2}]
[null,3,"Coldre","und",1,40.86,{"$f":"E49*F49","v":40.86}]
[null,4,"Capa do colete balístico","und",1,0,{"$f":"E50*F50","v":0}]
[null,"Total por ano",{"$nulls":4},{"$f":"SUM(G47:G50)","v":2298.06}]
[null,"Custo mensal",{"$nulls":4},{"$f":"ROUND(G51/12,2)","v":191.51}]
[]
[null,"COLABORE"]
[]
[null,"Item","Uniforme ","Unid.","Quant.","Preço Unit.","Sub-Total"]
[null,1,"Calça social","und",2,45,{"$f":"E57*F57","v":90}]
[null,2,"Camisa social","und",2,35,70]
[null,3,"Cinto","und",1,8.9,8.9]
[null,4,"Meia social masculina","par",1,2.99,2.99]
[null,5,"Bota (cuturno)","par",1,55,55]
[null,6,"Quepe ou boné com emblema","und",1,13.9,13.9]
[null,7,"Crachá de identificação","und",1,8.82,8.82]
[null,"Total por ano",{"$nulls":4},{"$f":"SUM(G57:G63)","v":249.61}]
[null,"Custo mensal",{"$nulls":4},{"$f":"ROUND(G64/12,2)","v":20.8}]
[null,"Item","Material","Unid.","Quant.","Preço Unit.","Sub-Total"]
[null,1,"Livro de ocorrência","und",1,17.899999999999999,{"$f":"E67*F67","v":17.899999999999999}]
[null,2,"Colete balístico","und",1,{"$f":"AVERAGE(F16,F42)","v":385.99},{"$f":"E68*F68","v":385.99}]
[null,3,"Lanterna recarregável","und",1,45,{"$f":"E69*F69","v":45}]
[null,"Total por ano",{"$nulls":4},{"$f":"SUM(G67:G69)","v":448.89}]
[null,"Custo mensal",{"$nulls":4},{"$f":"ROUND(G70/12,2)","v":37.409999999999997}]
[null,"Item","Equipamento","Unid.","Quant.","Preço Unit.","Sub-Total"]
[null,1,"Revólver","und",1,null,{"$f":"E73*F73","v":0}]
[null,2,"Munição","conj",1,null,{"$f":"E74*F74","v":0}]
[null,3,"Coldre","und",1,null,{"$f":"E75*F75","v":0}]
[null,4,"Capa do colete balístico","und",1,null,{"$f":"E76*F76","v":0}]
[null,"Total por ano",{"$nulls":4},{"$f":"SUM(G73:G76)","v":0}]
[null,"Custo mensal",{"$nulls":4},{"$f":"ROUND(G77/12,2)","v":0}]